Silk Ribbon Embroidery

Bibliographic Details
Main Author: McKinnon, Gloria
Format: Book
Published: Australia : J.B.Fairfax Press , 2002
Series:Heirloom Crafts
Subjects:

MARC

LEADER 00000cam a2200000 7i4500
001 0000060607
005 20020905.0
020 |a 1863433651 
090 0 0 |a 746.44   |b MCK 
100 1 |a McKinnon, Gloria 
245 1 0 |a Silk Ribbon Embroidery   |c Gloria McKinnon 
260 |a Australia :   |b J.B.Fairfax Press ,   |c 2002 
300 |a 48p. :   |b ill. ;   |c 26cm. 
490 0 |a Heirloom Crafts 
650 0 0 |a Silk ribbon embroidery 
999 |a 00132486   |b BUKU   |c PINJAMAN   |e PERPUSTAKAAN KOMUNITI PETALING JAYA 
999 |a 00161538   |b BUKU   |c PINJAMAN   |e PERPUSTAKAAN KOMUNITI PETALING JAYA